Learn robotics with Raspberry Pi : (Record no. 192112)

MARC details
000 -LEADER
fixed length control field 01180cam a2200325 i 4500
001 - CONTROL NUMBER
control field 1056201436
003 - CONTROL NUMBER IDENTIFIER
control field OCoLC
005 - DATE AND TIME OF LATEST TRANSACTION
control field 20250224130003.0
007 - PHYSICAL DESCRIPTION FIXED FIELD--GENERAL INFORMATION
fixed length control field ta ||||||||||||||||||||
008 - FIXED-LENGTH DATA ELEMENTS--GENERAL INFORMATION
fixed length control field 180913t20192019caua b 000 0 eng c
020 ## - INTERNATIONAL STANDARD BOOK NUMBER
International Standard Book Number 9781593279202
Qualifying information paperback
020 ## - INTERNATIONAL STANDARD BOOK NUMBER
International Standard Book Number 1593279205
Qualifying information paperback
020 ## - INTERNATIONAL STANDARD BOOK NUMBER
Canceled/invalid ISBN 9781593279219
020 ## - INTERNATIONAL STANDARD BOOK NUMBER
Canceled/invalid ISBN 1593279213
040 ## - CATALOGING SOURCE
Original cataloging agency LBSOR/DLC
Language of cataloging eng
Description conventions rda
Transcribing agency DLC
Modifying agency OCLCO
-- B@L
-- NZAUC
-- TOH
-- OCLCQ
-- OCLCO
-- OCLCQ
-- OCLCO
-- CUL
-- MY-SjTCS
082 04 - DEWEY DECIMAL CLASSIFICATION NUMBER
Classification number 629.892
Item number TIM 2019
100 1# - MAIN ENTRY--PERSONAL NAME
Personal name Timmons-Brown, Matt,
Relator term author.
9 (RLIN) 308378
245 10 - TITLE STATEMENT
Title Learn robotics with Raspberry Pi :
Remainder of title build and code your own moving, sensing, thinking robots /
Statement of responsibility, etc. by Matt Timmons-Brown.
264 #1 - PRODUCTION, PUBLICATION, DISTRIBUTION, MANUFACTURE, AND COPYRIGHT NOTICE
Place of production, publication, distribution, manufacture San Francisco :
Name of producer, publisher, distributor, manufacturer No Starch Press, Inc.,
Date of production, publication, distribution, manufacture, or copyright notice [2019]
264 #4 - PRODUCTION, PUBLICATION, DISTRIBUTION, MANUFACTURE, AND COPYRIGHT NOTICE
Date of production, publication, distribution, manufacture, or copyright notice ©2019
300 ## - PHYSICAL DESCRIPTION
Extent xx, 218 pages :
Other physical details chiefly color illustrations ;
Dimensions 24 cm
336 ## - CONTENT TYPE
Content type term text
Source rdacontent
337 ## - MEDIA TYPE
Media type term unmediated
Source rdamedia
338 ## - CARRIER TYPE
Carrier type term volume
Source rdacarrier
504 ## - BIBLIOGRAPHY, ETC. NOTE
Bibliography, etc. note Includes bibliographical references.
650 #0 - SUBJECT ADDED ENTRY--TOPICAL TERM
Topical term or geographic name entry element Robotics
9 (RLIN) 215878
650 #0 - SUBJECT ADDED ENTRY--TOPICAL TERM
Topical term or geographic name entry element Raspberry Pi (Computer)
9 (RLIN) 307310
920 ## - Programme
Programme SOE : 338328
Holdings
Withdrawn status Lost status Source of classification or shelving scheme Damaged status Not for loan Home library Current library Date acquired Serial Enumeration / chronology Total Checkouts Barcode Date last seen Uniform Resource Identifier Price effective from Koha item type Public note
    Dewey Decimal Classification     Taylor's Library-TU Taylor's Library-TU 24/02/2025 Complimentary from: Anonymous donor, 20 April 2021   5000177152 24/02/2025 Floor 4, Shelf 20 , Side 1, TierNo 1, BayNo 6 24/02/2025 Main Collection SOExx,92618,03,AD